1303 1964 1618 1722 1027 1547 1835 1133 1361 1531 1306 1623 1512 1928 1654 1423 1272 1462 1210 1016 1128 1284 1194 1665 1988 1848 1371 1061 1206 1817 1089 1817 1625 1252 1462 1073 1834 1554 1775 1584 1415 1055 1902 1669 1105 1968 1725 1557 1062 1185 1078 1115 1616 1940 1889 1152 1954 1089 1325 1964 1243 1626 1715 1318 1992 1302 1762 1982 1087 1768 1443 1279 1128 1252 1126 1886 1146 1337 1694 1639 1158 1754 1359 1297 1656 1424 1985 1497 1072 1568 1965 1568 1965 1973 1561 1342 1553 1639 1832 BCNSPRNW ULIB Ver.6.0+V

เปลี่ยนเป็นภาษาไทย

Change to English
 แสดงรายละเอียดบรรณานุกรม
  กลับหน้าหลัก

Brief Record : Get Marc (ISO 2709) : E-mail record : QR code < ปิดหน้าต่าง
LEADER : 00000nam 2200000uu 4500
001    13399126033
003     ULIB
008    180507s2560||||th 000 0 tha d
020    ^a9786163981905
060    ^aWY159^bพ722ก
100    ^aพิมพาภรณ์ กลั่นกลิ่น
245    ^aการพยาบาลเด็กเพื่อการสร้างเสริมสุขภาพ/พิมพาภรณ์ กลั่นกลิ่น
260    ^aเชียงใหม่ :^bคณะพยาบาลศาสตร์ มหาวิทยาลัยเชียงใหม่,^c2560
300    ^a237 หน้า
650    ^aการพยาบาลเด็ก^xการสร้างเสริมสุขภาพ
945    ^p200^l0^i25768
945    ^p200^l0^i25769
945    ^p200^l0^i25770
945    ^p200^l0^i25771
945    ^p200^l0^i25772
945    ^p200^l0^i25773
945    ^p200^l0^i25774
945    ^p200^l0^i25775
945    ^p200^l0^i25776
945    ^p200^l0^i25777
999    ^aกัณชพร
รายการนี้ยังไม่มีแท็ก
คุณยังไม่ได้ล็อกอิน คุณสามารถมีกิจกรรมร่วมกับเว็บไซต์ได้ แต่ต้องล็อกอินก่อน ::
  ล็อกอิน

รายการสื่อสารสนเทศ

ลำดับที่ ประเภท เลขเรียก/บาร์โค้ด สถานที่ สถานะ
1. หนังสือสำรอง
หนังสือสำรอง
WY159 พ722ก ฉ.1 
  Barcode: 25768
ห้องสมุดวิทยาเขตสวรรค์ประชารักษ์
►หนังสือทั่วไป
บนชั้น
2. วิทยาศาสตร์การแพทย์ และสุขภาพ
วิทยาศาสตร์การแพทย์ และสุขภาพ
WY159 พ722ก ฉ.10 
  Barcode: 25777
ห้องสมุดวิทยาเขตสวรรค์ประชารักษ์
►หนังสือทั่วไป
บนชั้น
3. วิทยาศาสตร์การแพทย์ และสุขภาพ
วิทยาศาสตร์การแพทย์ และสุขภาพ
WY159 พ722ก ฉ.2 
  Barcode: 25769
ห้องสมุดวิทยาเขตสวรรค์ประชารักษ์
►หนังสือทั่วไป
บนชั้น
4. วิทยาศาสตร์การแพทย์ และสุขภาพ
วิทยาศาสตร์การแพทย์ และสุขภาพ
WY159 พ722ก ฉ.3 
  Barcode: 25770
ห้องสมุดวิทยาเขตสวรรค์ประชารักษ์
►หนังสือทั่วไป
บนชั้น
5. วิทยาศาสตร์การแพทย์ และสุขภาพ
วิทยาศาสตร์การแพทย์ และสุขภาพ
WY159 พ722ก ฉ.4 
  Barcode: 25771
ห้องสมุดวิทยาเขตสวรรค์ประชารักษ์
►หนังสือทั่วไป
บนชั้น
6. วิทยาศาสตร์การแพทย์ และสุขภาพ
วิทยาศาสตร์การแพทย์ และสุขภาพ
WY159 พ722ก ฉ.5 
  Barcode: 25772
ห้องสมุดวิทยาเขตสวรรค์ประชารักษ์
►หนังสือทั่วไป
บนชั้น
7. วิทยาศาสตร์การแพทย์ และสุขภาพ
วิทยาศาสตร์การแพทย์ และสุขภาพ
WY159 พ722ก ฉ.6 
  Barcode: 25773
ห้องสมุดวิทยาเขตสวรรค์ประชารักษ์
►หนังสือทั่วไป
บนชั้น
8. วิทยาศาสตร์การแพทย์ และสุขภาพ
วิทยาศาสตร์การแพทย์ และสุขภาพ
WY159 พ722ก ฉ.7 
  Barcode: 25774
ห้องสมุดวิทยาเขตสวรรค์ประชารักษ์
►หนังสือทั่วไป
บนชั้น
9. วิทยาศาสตร์การแพทย์ และสุขภาพ
วิทยาศาสตร์การแพทย์ และสุขภาพ
WY159 พ722ก ฉ.8 
  Barcode: 25775
ห้องสมุดวิทยาเขตสวรรค์ประชารักษ์
►หนังสือทั่วไป
บนชั้น
10. วิทยาศาสตร์การแพทย์ และสุขภาพ
วิทยาศาสตร์การแพทย์ และสุขภาพ
WY159 พ722ก ฉ.9 
  Barcode: 25776
ห้องสมุดวิทยาเขตสวรรค์ประชารักษ์
►หนังสือทั่วไป
บนชั้น

รายการใกล้เคียง
    ชื่อเรื่อง [การพยาบาลเด็กเพื่อการสร้างเสริมสุขภาพ/พิมพาภรณ์ กลั่นกลิ่น]

    ผู้แต่ง [พิมพาภรณ์ กลั่นกลิ่น]

BibComment


ยังไม่เคยถูกคอมเมนท์

คอมเมนท์ทรัพยากรรายการนี้
  คอมเมนท์: การพยาบาลเด็กเพื..


 Copyright 2026. Bcnsprnw @Library